The HR answer book / (Record no. 4199)

MARC details
000 -LEADER
fixed length control field 00572 a2200193 4500
010 ## - LCCN (DPL NO)
LC control number ENG-86124
020 ## - INTERNATIONAL STANDARD BOOK NUMBER
International Standard Book Number 8120331259
Terms of availability 325.00
035 ## - SYSTEM CONTROL NUMBER
System control number EN-69657
037 ## - SOURCE OF ACQUISITION
Source of stock number/acquisition DBAD / PUB
082 14 - DEWEY DECIMAL CLASSIFICATION NUMBER
Classification number 658.3
100 1# - MAIN ENTRY--PERSONAL NAME
Personal name Smith, Shawn
245 1# - TITLE STATEMENT
Title The HR answer book /
Statement of responsibility, etc by Shawn Smith and Rebecca Mazin
260 ## - PUBLICATION, DISTRIBUTION, ETC. (IMPRINT)
Place of publication, distribution, etc New Delhi
Name of publisher, distributor, etc Prentice Hall of India
Date of publication, distribution, etc 2007
270 ## - ADDRESS
Address M-97, Cannaught Circus,
City New Delhi
Postal code 110 001
300 ## - PHYSICAL DESCRIPTION
Extent xii, 244 p.
Dimensions 23cm. (Hb.)
500 ## - GENERAL NOTE
General note Includes index
700 1# - ADDED ENTRY--PERSONAL NAME
Personal name Mazin, Rebecca
942 ## - ADDED ENTRY ELEMENTS (KOHA)
Institution code [OBSOLETE] dpl
Item type English Books
Call number prefix
Source of classification or shelving scheme Dewey Decimal Classification
Classification part 658.3
Call number suffix SMI
Holdings
Withdrawn status Lost status Not for loan Collection code Home library Current library Source of acquisition Cost, normal purchase price Full call number Barcode Copy number Cost, replacement price Koha item type
    Not For Loan Non-fiction D.B.Act.Division D.B.Act.Division DBAD/PUB 325.00 658.3 SMI EN-69657 1 325.00 English Books

© Delhi Public Library
Hit Counter
free hit counter